000 01070nam a2200217Ia 4500
999 _c53848
_d53848
001 20899
003 GE_BSU
005 20210614174422.0
008 181216s2017||||ge |||||||||||||| ||geo||
040 _cGE_BSU
041 _ageo
080 _a342.7(479.22)(094.1) ა-26
245 _aადამიანის უფლებათა სამართალი : საქართველოს კანონებისა და საერთაშორისო აქტების კრებული :
_bკანონები, კონვენციები, პაქტები, შეთანხმებები.
264 _aთბილისი :
_bბონა კაუზა,
_c2017.
300 _a209 გვ. ;
_c20 სმ.
490 _aიურისტის ბიბლიოთეკა
541 _h11ლ.
653 _aსამართალი
653 _aსაქართველოს კანონი ადამიანის უფლებების შესახებ
942 _cBK
_2udc